000 00659nam a2200217 i 4500
001 58454
003 ES-MaACL
007 t|
008 031022s1985 sp ||||1| spa d
020 _a84-7223-219-0
100 0 _aDuras, Marguerite,
_d1914-1996
_946279
245 1 0 _aModerato contabile /
_cMarguerite Duras ; [traducción de Paula Brines].
250 _a[1ª ed.].
260 _a[Barcelona] :
_bTusquets,
_c1985.
300 _a131 p. ;
_c21 cm.
490 1 _aColección Andanzas ;
_v19
700 1 _aBrines, Paula.
_931753
830 0 0 _aColección Andanzas
_v19
_9234359
852 _aES-MaACL
_jL-8063
_bR.108668
999 _c58454
_d58454